[Event "Tradewise Gibraltar Masters 16th"]
[Site "Gibraltar"]
[Date "2018.01.27"]
[Round "5.59"]
[White "Moroni, Luca Jr"]
[Black "Gandrud, Vegar Koi"]
[Result "1-0"]
[WhiteElo "2547"]
[BlackElo "2346"]
[PlyCount "103"]
[EventDate "2018.01.23"]
[EventType "swiss"]
[EventRounds "10"]
[EventCountry "GGB"]
[SourceTitle "BritBase"]
[Source "www.saund.co.uk"]
[SourceDate "2018.02.10"]
[SourceVersion "1"]
[SourceVersionDate "2018.02.10"]
[SourceQuality "1"]

1. c4 c5 2. Nf3 Nc6 3. d4 cxd4 4. Nxd4 Nf6 5. Nc3 e6 6. a3 Be7 7. g3 Qb6 8.
Ndb5 d5 9. Be3 Qd8 10. cxd5 exd5 11. Nxd5 Nxd5 12. Qxd5 O-O 13. Bg2 Bf6 14. Nc3
Be6 15. Qxd8 Rfxd8 16. O-O Bc4 17. Rfe1 Nd4 18. Rac1 Rd7 19. Kf1 Bb3 20. Be4
Rad8 21. Bb1 b6 22. g4 Be6 23. f3 Nb3 24. Rc2 Na1 25. Rcc1 Nb3 26. Rcd1 Nd2+
27. Kg2 Nc4 28. Bc1 Nxa3 29. Rxd7 Rxd7 30. Bd3 Nc4 31. f4 Na5 32. g5 Be7 33. f5
Bb3 34. Bb5 Rd8 35. e4 f6 36. Nd5 Bxd5 37. exd5 Kf8 38. gxf6 Bxf6 39. Bd2 Nb3
40. Be3 Nd4 41. Bc6 Nxc6 42. dxc6 Rc8 43. Rc1 Bxb2 44. Rc2 Be5 45. Kf3 Kf7 46.
Ke4 Re8 47. Bf4 Bxf4+ 48. Kxf4 b5 49. c7 Rc8 50. Ke5 Ke7 51. Rg2 Rg8 52. Rxg7+
1-0

[Event "Tradewise Gibraltar Masters 16th"]
[Site "Gibraltar"]
[Date "2018.01.27"]
[Round "5.60"]
[White "Libiszewski, Fabien"]
[Black "Bellon Lopez, Juan Manuel"]
[Result "1/2-1/2"]
[WhiteElo "2530"]
[BlackElo "2334"]
[PlyCount "65"]
[EventDate "2018.01.23"]
[EventType "swiss"]
[EventRounds "10"]
[EventCountry "GGB"]
[SourceTitle "BritBase"]
[Source "www.saund.co.uk"]
[SourceDate "2018.02.10"]
[SourceVersion "1"]
[SourceVersionDate "2018.02.10"]
[SourceQuality "1"]

1. e4 c5 2. Nf3 e6 3. d4 cxd4 4. Nxd4 Nc6 5. Nc3 Qc7 6. f4 Nxd4 7. Qxd4 b6 8.
Be3 Bb7 9. O-O-O Nf6 10. e5 Bc5 11. Qd3 Bxe3+ 12. Qxe3 Nd5 13. Nxd5 Bxd5 14.
Kb1 Rc8 15. Bd3 O-O 16. Qh3 g6 17. Rhe1 f5 18. g4 fxg4 19. Qxg4 Rf7 20. Rg1 Kf8
21. h4 Qc6 22. Rdf1 Be4 23. h5 Bxd3 24. cxd3 Qc2+ 25. Ka1 Qxd3 26. hxg6 hxg6
27. Rh1 Rh7 28. a3 Rc2 29. Qg5 Rhh2 30. f5 exf5 31. Qxg6 Qxa3+ 32. bxa3 Ra2+
33. Kb1 1/2-1/2

[Event "Tradewise Gibraltar Masters 16th"]
[Site "Gibraltar"]
[Date "2018.01.27"]
[Round "5.61"]
[White "Sadhwani, Raunak"]
[Black "Nihal, Sarin"]
[Result "1/2-1/2"]
[WhiteElo "2321"]
[BlackElo "2524"]
[PlyCount "73"]
[EventDate "2018.01.23"]
[EventType "swiss"]
[EventRounds "10"]
[EventCountry "GGB"]
[SourceTitle "BritBase"]
[Source "www.saund.co.uk"]
[SourceDate "2018.02.10"]
[SourceVersion "1"]
[SourceVersionDate "2018.02.10"]
[SourceQuality "1"]

1. e4 c5 2. Nf3 a6 3. c3 d5 4. exd5 Qxd5 5. d4 Bg4 6. Be2 e6 7. Be3 Nd7 8. O-O
Ngf6 9. c4 Qd6 10. dxc5 Qxd1 11. Rxd1 Bxc5 12. Bxc5 Nxc5 13. Nc3 Ke7 14. Nd4
Bxe2 15. Ncxe2 Rhd8 16. b4 Na4 17. Rac1 Rac8 18. c5 Nd5 19. a3 g5 20. g3 Rc7
21. Rd2 h5 22. Kg2 Kf6 23. Rdc2 e5 24. Nf3 Rcd7 25. c6 bxc6 26. Rxc6+ Rd6 27.
h4 gxh4 28. Nxh4 Ne7 29. Rxd6+ Rxd6 30. Nc3 Nxc3 31. Rxc3 e4 32. Re3 Ke5 33.
Nf3+ Kf5 34. Nh4+ Ke5 35. Nf3+ Kf5 36. Nh4+ Ke5 37. Nf3+ 1/2-1/2

[Event "Tradewise Gibraltar Masters 16th"]
[Site "Gibraltar"]
[Date "2018.01.27"]
[Round "5.62"]
[White "Santos Ruiz, Miguel"]
[Black "Sanchez Jerez, Emilio Miguel"]
[Result "1-0"]
[WhiteElo "2510"]
[BlackElo "2330"]
[PlyCount "87"]
[EventDate "2018.01.23"]
[EventType "swiss"]
[EventRounds "10"]
[EventCountry "GGB"]
[SourceTitle "BritBase"]
[Source "www.saund.co.uk"]
[SourceDate "2018.02.10"]
[SourceVersion "1"]
[SourceVersionDate "2018.02.10"]
[SourceQuality "1"]

1. e4 d6 2. d4 e5 3. Nf3 exd4 4. Nxd4 Nf6 5. Nc3 Be7 6. g3 Nc6 7. Nxc6 bxc6 8.
Bg2 O-O 9. O-O Bg4 10. f3 Be6 11. b3 Qc8 12. g4 h6 13. h3 Qa6 14. f4 Rad8 15.
Qe1 Rfe8 16. Bb2 Bc8 17. Qg3 Qa5 18. Rad1 Bf8 19. Kh1 Bb7 20. Rfe1 c5 21. h4 h5
22. gxh5 Nxh5 23. Qg5 g6 24. f5 Kh7 25. Rf1 Bg7 26. fxg6+ fxg6 27. Rf7 Rf8 28.
Re7 Rde8 29. Nd5 Rxe7 30. Qxe7 Bxd5 31. exd5 Ng3+ 32. Kh2 Nf5 33. Qd7 Qb4 34.
c4 Kh6 35. Bc1+ Kh7 36. Bb2 Kh6 37. Bxg7+ Nxg7 38. Qe7 Rf5 39. Qe3+ Kh7 40. Be4
Re5 41. Rg1 Kg8 42. Rxg6 Qb8 43. Qh6 Qf8 44. Rf6 1-0

[Event "Tradewise Gibraltar Masters 16th"]
[Site "Gibraltar"]
[Date "2018.01.27"]
[Round "5.63"]
[White "Bellahcene, Bilel"]
[Black "Padmini, Rout"]
[Result "0-1"]
[WhiteElo "2494"]
[BlackElo "2325"]
[PlyCount "128"]
[EventDate "2018.01.23"]
[EventType "swiss"]
[EventRounds "10"]
[EventCountry "GGB"]
[SourceTitle "BritBase"]
[Source "www.saund.co.uk"]
[SourceDate "2018.02.10"]
[SourceVersion "1"]
[SourceVersionDate "2018.02.10"]
[SourceQuality "1"]

1. e4 e5 2. Qh5 Nc6 3. Bc4 g6 4. Qf3 Nf6 5. Ne2 Bg7 6. d3 Na5 7. Nbc3 O-O 8. a4
Nxc4 9. dxc4 d6 10. b3 Bg4 11. Qd3 Nd7 12. Be3 Be6 13. Qd2 f5 14. f3 Qh4+ 15.
Bf2 Qd8 16. O-O-O Nf6 17. Ng3 Qe7 18. Kb1 Qf7 19. h4 Rfd8 20. h5 f4 21. hxg6
Qxg6 22. Nge2 Qxg2 23. Bh4 Rf8 24. Rdf1 Kh8 25. Rhg1 Qh3 26. Qe1 Bg8 27. Rf2
Qxh4 28. Rxg7 Ne8 29. Rg1 c6 30. Rh1 Qe7 31. Rfh2 Nc7 32. Rh6 Ne6 33. Nd1 Rf7
34. Nf2 Rg7 35. Qf1 Rf8 36. Nd3 Rf6 37. R6h4 Ng5 38. Nc3 Rfg6 39. Qf2 a6 40.
R4h2 Ne6 41. Ne2 Ng5 42. Nc3 Ne6 43. Ne2 Rg5 44. Kb2 R7g6 45. Qf1 Qg7 46. Qd1
Rg2 47. Qf1 R6g5 48. Rh4 Rg6 49. R4h2 d5 50. Rxg2 Rxg2 51. cxd5 cxd5 52. Rg1
Rxg1 53. Qxg1 Ng5 54. Qg4 dxe4 55. fxe4 Nxe4 56. Qxg7+ Kxg7 57. Nxe5 Kf6 58.
Ng4+ Kg5 59. Nh2 Ng3 60. Ng1 Bd5 61. c4 Bc6 62. Kc3 Nf5 63. Kd3 Nh4 64. Nf1 f3
0-1

[Event "Tradewise Gibraltar Masters 16th"]
[Site "Gibraltar"]
[Date "2018.01.27"]
[Round "5.64"]
[White "Mannion, Stephen R"]
[Black "Goryachkina, Aleksandra"]
[Result "0-1"]
[WhiteElo "2285"]
[BlackElo "2493"]
[PlyCount "108"]
[EventDate "2018.01.23"]
[EventType "swiss"]
[EventRounds "10"]
[EventCountry "GGB"]
[SourceTitle "BritBase"]
[Source "www.saund.co.uk"]
[SourceDate "2018.02.10"]
[SourceVersion "1"]
[SourceVersionDate "2018.02.10"]
[SourceQuality "1"]

1. e4 Nf6 2. e5 Nd5 3. Nc3 Nxc3 4. dxc3 d6 5. Nf3 Nc6 6. Bb5 e6 7. Bf4 a6 8.
Bxc6+ bxc6 9. Qd2 d5 10. h4 Rb8 11. b3 c5 12. Rd1 c4 13. bxc4 c6 14. O-O a5 15.
cxd5 cxd5 16. Nd4 Rb6 17. Rb1 Ba6 18. Rfe1 Bc5 19. Nb3 Be7 20. Be3 Rc6 21. Nd4
Rc8 22. h5 h6 23. f4 O-O 24. f5 Bh4 25. fxe6 Bxe1 26. Rxe1 Qe7 27. Bxh6 gxh6
28. Qxh6 f5 29. Nxf5 Rxf5 30. Qg6+ Qg7 31. Qxf5 Rf8 32. e7 Rxf5 33. e8=Q+ Kh7
34. Qg6+ Qxg6 35. hxg6+ Kxg6 36. e6 Bb5 37. Rb1 Ba4 38. e7 Kf7 39. Rb8 Kxe7 40.
Ra8 Bxc2 41. Rxa5 Kd6 42. Ra8 Rf4 43. Rd8+ Kc6 44. Rg8 Ra4 45. Kf2 Rxa2 46. Ke3
Bb3 47. Rg6+ Kc5 48. g4 Bc4 49. g5 Rc2 50. Rg8 Rxc3+ 51. Kf4 Rc1 52. g6 Rg1 53.
Ke5 Kb4 54. g7 Kc3 0-1

[Event "Tradewise Gibraltar Masters 16th"]
[Site "Gibraltar"]
[Date "2018.01.27"]
[Round "5.65"]
[White "Mohota, Nisha"]
[Black "Cuenca Jimenez, Jose Fernando"]
[Result "0-1"]
[WhiteElo "2269"]
[BlackElo "2489"]
[PlyCount "116"]
[EventDate "2018.01.23"]
[EventType "swiss"]
[EventRounds "10"]
[EventCountry "GGB"]
[SourceTitle "BritBase"]
[Source "www.saund.co.uk"]
[SourceDate "2018.02.10"]
[SourceVersion "1"]
[SourceVersionDate "2018.02.10"]
[SourceQuality "1"]

1. e4 e5 2. Nf3 Nc6 3. Bc4 Bc5 4. d3 Nf6 5. O-O O-O 6. Nbd2 d6 7. c3 a6 8. a4
Ba7 9. h3 h6 10. Re1 Be6 11. b4 Re8 12. Bxe6 Rxe6 13. Nf1 d5 14. Qc2 Qd7 15.
Bb2 dxe4 16. dxe4 Rd8 17. b5 Ne7 18. Rad1 Qe8 19. c4 Ng6 20. Rxd8 Qxd8 21. c5
Nd7 22. Ba3 c6 23. b6 Bb8 24. Rd1 Qc8 25. Ne3 Ndf8 26. Nd2 Re8 27. Ndc4 Ne6 28.
Nf5 Rd8 29. Ncd6 Bxd6 30. Nxd6 Qd7 31. Bb2 Kh7 32. Rd2 Qe7 33. g3 Ng5 34. Qc3
Qf6 35. Kg2 Qe6 36. g4 Rd7 37. f3 Nh4+ 38. Kg3 Nhxf3 39. Rd3 Nd4 40. Rxd4 exd4
41. Qxd4 f6 42. Qd3 Rxd6 43. cxd6 Qxd6+ 44. Qxd6 Nxe4+ 45. Kf4 Nxd6 46. Ba3 g5+
47. Kf3 Ne8 48. Ke4 Kg6 49. Kd4 Kf7 50. Ke4 Ng7 51. Bc5 h5 52. a5 hxg4 53. hxg4
Ke6 54. Be3 Ne8 55. Bd2 Nd6+ 56. Kf3 Nc4 57. Bc3 Ne5+ 58. Kg3 Kd5 0-1

[Event "Tradewise Gibraltar Masters 16th"]
[Site "Gibraltar"]
[Date "2018.01.27"]
[Round "5.66"]
[White "Antova, Gabriela"]
[Black "Stefanova, Antoaneta"]
[Result "1/2-1/2"]
[WhiteElo "2260"]
[BlackElo "2489"]
[PlyCount "120"]
[EventDate "2018.01.23"]
[EventType "swiss"]
[EventRounds "10"]
[EventCountry "GGB"]
[SourceTitle "BritBase"]
[Source "www.saund.co.uk"]
[SourceDate "2018.02.10"]
[SourceVersion "1"]
[SourceVersionDate "2018.02.10"]
[SourceQuality "1"]

1. d4 d5 2. Nf3 Nf6 3. c4 e6 4. Nc3 a6 5. cxd5 exd5 6. Bg5 Be6 7. e3 Nbd7 8.
Be2 Bd6 9. O-O h6 10. Bf4 Bxf4 11. exf4 Ne4 12. Ne5 O-O 13. Bd3 f5 14. Rc1 c6
15. Na4 Nxe5 16. fxe5 f4 17. f3 Ng5 18. Re1 Qe7 19. Qb3 Bc8 20. Bc2 Ne6 21. Qd3
Qg5 22. Nb6 Rb8 23. b4 Qd8 24. Qh7+ Kf7 25. Nxc8 Qxc8 26. Bf5 Rg8 27. Qg6+ Ke7
28. a4 Qd7 29. b5 axb5 30. axb5 Rbc8 31. bxc6 bxc6 32. Rc3 Rc7 33. Rec1 Nf8 34.
Bxd7 Nxg6 35. Bxc6 Rgc8 36. Rc5 Nf8 37. Bb7 Rxc5 38. dxc5 Rc7 39. Bxd5 Nd7 40.
c6 Nxe5 41. Be4 Kd6 42. Rd1+ Ke6 43. Rd4 g5 44. Rd8 Nxc6 45. Rh8 Nd4 46. Rxh6+
Ke5 47. Rg6 Ne6 48. g3 fxg3 49. hxg3 Rg7 50. Rh6 g4 51. Rh5+ Ng5 52. Rxg5+ Rxg5
53. f4+ Kxe4 54. fxg5 Kf5 55. Kf2 Kxg5 56. Ke3 Kf5 57. Kd4 Kg5 58. Ke4 Kg6 59.
Kf4 Kf6 60. Kxg4 Kg6 1/2-1/2

[Event "Tradewise Gibraltar Masters 16th"]
[Site "Gibraltar"]
[Date "2018.01.27"]
[Round "5.67"]
[White "Oglaza, Oskar"]
[Black "Xu, Yi"]
[Result "0-1"]
[WhiteElo "2245"]
[BlackElo "2482"]
[PlyCount "100"]
[EventDate "2018.01.23"]
[EventType "swiss"]
[EventRounds "10"]
[EventCountry "GGB"]
[SourceTitle "BritBase"]
[Source "www.saund.co.uk"]
[SourceDate "2018.02.10"]
[SourceVersion "1"]
[SourceVersionDate "2018.02.10"]
[SourceQuality "1"]

1. f4 b6 2. d3 Bb7 3. e4 g6 4. Nf3 Bg7 5. g3 d6 6. Bg2 e5 7. c3 Nd7 8. O-O Ngf6
9. Qc2 Qe7 10. Na3 O-O 11. Bd2 d5 12. fxe5 Nxe5 13. Nxe5 Qxe5 14. Bf4 Qe7 15.
Bg5 dxe4 16. Qf2 e3 17. Qxe3 Qxe3+ 18. Bxe3 Bxg2 19. Kxg2 c5 20. Rad1 Nd5 21.
Bg1 f5 22. Nc2 Rae8 23. c4 Re2+ 24. Rf2 Ne3+ 25. Nxe3 Rxe3 26. Rfd2 Re6 27. Kf3
g5 28. g4 fxg4+ 29. Kxg4 h5+ 30. Kg3 g4 31. Bf2 Kh7 32. Kg2 Rfe8 33. Kf1 Be5
34. d4 Bf4 35. Rd3 cxd4 36. Rxd4 Bxh2 37. Kg2 Re2 38. Kxh2 Rxf2+ 39. Kg3 Rf3+
40. Kh4 Rh3+ 41. Kg5 Rg8+ 42. Kf6 Rf3+ 43. Ke7 g3 44. Rh1 Rg5 45. Rd5 g2 46.
Rg1 Rf1 47. Rxg5 Rxg1 48. Rxh5+ Kg6 49. Rh8 Kg7 50. Rh2 Re1+ 0-1

[Event "Tradewise Gibraltar Masters 16th"]
[Site "Gibraltar"]
[Date "2018.01.27"]
[Round "5.68"]
[White "Studer, Noel"]
[Black "Perez Garcia, Rodney Oscar"]
[Result "1/2-1/2"]
[WhiteElo "2476"]
[BlackElo "2320"]
[PlyCount "121"]
[EventDate "2018.01.23"]
[EventType "swiss"]
[EventRounds "10"]
[EventCountry "GGB"]
[SourceTitle "BritBase"]
[Source "www.saund.co.uk"]
[SourceDate "2018.02.10"]
[SourceVersion "1"]
[SourceVersionDate "2018.02.10"]
[SourceQuality "1"]

1. Nf3 d5 2. g3 Nf6 3. Bg2 e6 4. O-O Be7 5. d4 O-O 6. c4 dxc4 7. Qc2 a6 8. a4
Bd7 9. Qxc4 Bc6 10. Bf4 Bd6 11. Qc1 Nbd7 12. Nc3 Qe7 13. Bg5 h6 14. Bh4 Qe8 15.
Rd1 Kh8 16. Bxf6 Nxf6 17. Qc2 Bxf3 18. Bxf3 c6 19. a5 Qe7 20. Na4 Rad8 21. Rd3
e5 22. dxe5 Bxe5 23. Rb3 Bd4 24. Rc1 Rfe8 25. Kg2 Kg8 26. h4 h5 27. e3 Ba7 28.
Nc5 Bxc5 29. Qxc5 g6 30. Qg5 Rd7 31. Rc4 Kg7 32. e4 Qd6 33. Rcb4 Re5 34. Qf4
Rxa5 35. Rxb7 Qe6 36. R7b6 Rb5 37. R3xb5 axb5 38. Ra6 Re7 39. Qb8 Nd7 40. Qd8
Re8 41. Qa5 Nc5 42. Qc3+ Qe5 43. Qxe5+ Rxe5 44. Rxc6 Nd3 45. Be2 Nxb2 46. Kf3
f5 47. exf5 Rxf5+ 48. Kg2 Re5 49. Kf1 Rd5 50. Kg2 Re5 51. Kf3 Rf5+ 52. Ke3 Re5+
53. Kd2 Nc4+ 54. Ke1 Rd5 55. Bf3 Re5+ 56. Kd1 Rf5 57. Be4 Rf6 58. Rc7+ Rf7 59.
Rc6 Rf6 60. Rc7+ Rf7 61. Rc6 1/2-1/2

[Event "Tradewise Gibraltar Masters 16th"]
[Site "Gibraltar"]
[Date "2018.01.27"]
[Round "5.69"]
[White "Cernousek, Lukas"]
[Black "Povah, Nigel E"]
[Result "1-0"]
[WhiteElo "2468"]
[BlackElo "2310"]
[PlyCount "65"]
[EventDate "2018.01.23"]
[EventType "swiss"]
[EventRounds "10"]
[EventCountry "GGB"]
[SourceTitle "BritBase"]
[Source "www.saund.co.uk"]
[SourceDate "2018.02.10"]
[SourceVersion "1"]
[SourceVersionDate "2018.02.10"]
[SourceQuality "1"]

1. d4 Nf6 2. c4 e6 3. Nc3 c5 4. d5 exd5 5. cxd5 d6 6. Nf3 g6 7. Nd2 Bg7 8. e4
O-O 9. Be2 Na6 10. O-O Ne8 11. Nc4 f5 12. Bf4 fxe4 13. Qd2 Bxc3 14. bxc3 Nac7
15. Bg5 Qd7 16. f3 e3 17. Nxe3 b5 18. f4 Qg7 19. f5 gxf5 20. Ng4 Qg6 21. Be7
Bd7 22. Nh6+ Kg7 23. Bxf8+ Kxf8 24. Nxf5 Bxf5 25. Rxf5+ Qxf5 26. Rf1 Qxf1+ 27.
Kxf1 Nf6 28. Qh6+ Kf7 29. Bh5+ Nxh5 30. Qxh5+ Kg7 31. Qg5+ Kf7 32. Qf4+ Ke7 33.
Qh4+ 1-0

[Event "Tradewise Gibraltar Masters 16th"]
[Site "Gibraltar"]
[Date "2018.01.27"]
[Round "5.70"]
[White "Lou, Yiping"]
[Black "Goriatchkin, Jouri"]
[Result "1-0"]
[WhiteElo "2462"]
[BlackElo "2310"]
[PlyCount "77"]
[EventDate "2018.01.23"]
[EventType "swiss"]
[EventRounds "10"]
[EventCountry "GGB"]
[SourceTitle "BritBase"]
[Source "www.saund.co.uk"]
[SourceDate "2018.02.10"]
[SourceVersion "1"]
[SourceVersionDate "2018.02.10"]
[SourceQuality "1"]

1. e4 e6 2. d4 d5 3. Nc3 Nf6 4. e5 Nfd7 5. f4 c5 6. Nf3 Nc6 7. Be3 a6 8. Qd2 b5
9. Bd3 Qb6 10. Qf2 cxd4 11. Nxd4 Nxd4 12. Bxd4 Bc5 13. Ne2 b4 14. O-O O-O 15.
a3 a5 16. axb4 Qxb4 17. c3 Qb6 18. f5 exf5 19. Qxf5 g6 20. Qf4 Ba6 21. Bxa6
Rxa6 22. Qe3 f6 23. exf6 Bxd4 24. Nxd4 Nxf6 25. Rf2 Re8 26. Qf3 Qc7 27. Raf1
Ne4 28. Re2 Rf6 29. Rxe4 Rxf3 30. Rxe8+ Kf7 31. Rf8+ Kxf8 32. Ne6+ Ke7 33. Nxc7
Rd3 34. Re1+ Kd6 35. Nb5+ Kc5 36. Nd4 a4 37. Re6 Rd1+ 38. Kf2 Kc4 39. Ke2 1-0

[Event "Tradewise Gibraltar Masters 16th"]
[Site "Gibraltar"]
[Date "2018.01.27"]
[Round "5.71"]
[White "Yankelevich, Lev"]
[Black "Rapport, Jovana"]
[Result "1-0"]
[WhiteElo "2456"]
[BlackElo "2305"]
[PlyCount "83"]
[EventDate "2018.01.23"]
[EventType "swiss"]
[EventRounds "10"]
[EventCountry "GGB"]
[SourceTitle "BritBase"]
[Source "www.saund.co.uk"]
[SourceDate "2018.02.10"]
[SourceVersion "1"]
[SourceVersionDate "2018.02.10"]
[SourceQuality "1"]

1. Nf3 Nf6 2. c4 b6 3. g3 Bb7 4. Bg2 g6 5. O-O Bg7 6. d4 O-O 7. d5 Na6 8. Nc3
Nc5 9. Re1 a5 10. e4 d6 11. e5 Ng4 12. Bf4 Rb8 13. a3 Nxe5 14. Nxe5 dxe5 15.
Bxe5 Bxe5 16. Rxe5 e6 17. b4 axb4 18. axb4 Nd7 19. Re3 e5 20. Ra7 Qc8 21. Ne4
Ra8 22. Rea3 Qb8 23. Rxa8 Bxa8 24. Bh3 f5 25. Ng5 Bb7 26. Ne6 Rf7 27. c5 c6 28.
d6 Rf6 29. Qb3 Kh8 30. Nc7 bxc5 31. bxc5 Nxc5 32. Qb4 Nd7 33. Rb3 h6 34. Bf1
Qa7 35. Ne8 Re6 36. Qxb7 Qxb7 37. Rxb7 Nc5 38. Re7 e4 39. Bc4 Rxe7 40. dxe7 Nd7
41. Be6 Ne5 42. Nd6 1-0

[Event "Tradewise Gibraltar Masters 16th"]
[Site "Gibraltar"]
[Date "2018.01.27"]
[Round "5.72"]
[White "Grinberg, Eyal"]
[Black "De Haan, Eric"]
[Result "0-1"]
[WhiteElo "2448"]
[BlackElo "2304"]
[PlyCount "116"]
[EventDate "2018.01.23"]
[EventType "swiss"]
[EventRounds "10"]
[EventCountry "GGB"]
[SourceTitle "BritBase"]
[Source "www.saund.co.uk"]
[SourceDate "2018.02.10"]
[SourceVersion "1"]
[SourceVersionDate "2018.02.10"]
[SourceQuality "1"]

1. e4 c5 2. Nf3 e6 3. d4 cxd4 4. Nxd4 Nc6 5. Nc3 Qc7 6. Be3 a6 7. Qf3 Nf6 8.
O-O-O Be7 9. Be2 O-O 10. g4 Nxd4 11. Bxd4 b5 12. g5 Ne8 13. Rhg1 Bb7 14. Bd3 f5
15. Nd5 Qd6 16. Rde1 Bxd5 17. exd5 Nc7 18. Be5 Qxd5 19. Qh3 Ne8 20. Kb1 g6 21.
Qe3 d6 22. Bc3 e5 23. f4 e4 24. Be2 Rf7 25. Rd1 Qc5 26. Bd4 Qc6 27. Qb3 d5 28.
Be5 Bc5 29. Rh1 Rd8 30. h4 Bf8 31. h5 Bg7 32. hxg6 hxg6 33. Bxg7 Rxg7 34. Rh6
Nc7 35. Qh3 Ne6 36. Rh8+ Kf7 37. Rxd8 Nxd8 38. Qb3 Ne6 39. Rxd5 Rh7 40. a4 bxa4
41. Qc4 Rh1+ 42. Ka2 Qxc4+ 43. Bxc4 Kf8 44. Re5 Nxf4 45. Bxa6 Rc1 46. b4 Rxc2+
47. Ka3 Rd2 48. Bc4 Rd4 49. Rc5 e3 50. b5 Rxc4 51. Rxc4 e2 52. Rc1 Nd3 53. Rb1
e1=Q 54. Rxe1 Nxe1 55. b6 Nc2+ 56. Kxa4 Nd4 57. b7 Nc6 58. Kb5 Nb8 0-1

[Event "Tradewise Gibraltar Masters 16th"]
[Site "Gibraltar"]
[Date "2018.01.27"]
[Round "5.73"]
[White "Cawdery, Daniel"]
[Black "Merario Alarcon, Andres"]
[Result "0-1"]
[WhiteElo "2446"]
[BlackElo "2298"]
[PlyCount "113"]
[EventDate "2018.01.23"]
[EventType "swiss"]
[EventRounds "10"]
[EventCountry "GGB"]
[SourceTitle "BritBase"]
[Source "www.saund.co.uk"]
[SourceDate "2018.02.10"]
[SourceVersion "1"]
[SourceVersionDate "2018.02.10"]
[SourceQuality "1"]

1. e4 e5 2. Nf3 Nc6 3. d4 exd4 4. Nxd4 Nf6 5. Nxc6 bxc6 6. Bd3 d5 7. exd5 cxd5
8. O-O Be7 9. c4 O-O 10. cxd5 Bb7 11. Nc3 Nxd5 12. Qc2 Nxc3 13. bxc3 Qd5 14. f3
g6 15. Rb1 Rfd8 16. Be4 Qc5+ 17. Kh1 Bxe4 18. Qxe4 Bf6 19. Bf4 Qxc3 20. Rfc1
Qd4 21. Qxd4 Rxd4 22. Bxc7 Rd2 23. a4 Ra2 24. a5 Rc8 25. Bd6 Rxc1+ 26. Rxc1 Kg7
27. Bc7 a6 28. g3 Ra1 29. Rxa1 Bxa1 30. Kg2 Kf6 31. Kf2 Ke6 32. Ke3 Be5 33. Bb6
Kd5 34. Kd3 Bd6 35. Kc3 f5 36. Kd3 g5 37. Bd8 h6 38. Bb6 Bc5 39. Bd8 g4 40.
fxg4 fxg4 41. Bc7 h5 42. Bd8 Bg1 43. Ke2 Ke6 44. Kd3 Bxh2 45. Bh4 Kd5 46. Ke3
Bg1+ 47. Kf4 Bf2 48. Bd8 Be1 49. Bb6 Bb4 50. Kg5 Ke4 51. Kxh5 Kf3 52. Bc7 Bd2
53. Kg6 Be1 54. Kf5 Bxg3 55. Bb6 Bf4 56. Ke6 g3 57. Bg1 0-1

[Event "Tradewise Gibraltar Masters 16th"]
[Site "Gibraltar"]
[Date "2018.01.27"]
[Round "5.75"]
[White "Akesson, Ralf"]
[Black "Serarols Mabras, Bernat"]
[Result "1-0"]
[WhiteElo "2443"]
[BlackElo "2235"]
[PlyCount "67"]
[EventDate "2018.01.23"]
[EventType "swiss"]
[EventRounds "10"]
[EventCountry "GGB"]
[SourceTitle "BritBase"]
[Source "www.saund.co.uk"]
[SourceDate "2018.02.10"]
[SourceVersion "1"]
[SourceVersionDate "2018.02.10"]
[SourceQuality "1"]

1. d4 Nf6 2. c4 e6 3. Nf3 d5 4. Nc3 Bb4 5. Qa4+ Nc6 6. a3 Bxc3+ 7. bxc3 Ne4 8.
Qc2 O-O 9. e3 Re8 10. Bd3 Na5 11. O-O b6 12. Nd2 Nxd2 13. Bxd2 Nxc4 14. Bxh7+
Kh8 15. Bd3 Nxd2 16. Qxd2 g6 17. e4 Kg7 18. e5 Rh8 19. f4 Bd7 20. Rf3 Qe7 21.
g4 Rh4 22. Rg3 Rah8 23. f5 exf5 24. gxf5 Bxf5 25. Bxf5 Rxh2 26. Qxh2 Rxh2 27.
Kxh2 c5 28. Rf1 cxd4 29. cxd4 Qh4+ 30. Kg2 Qxd4 31. e6 fxe6 32. Bxg6 Qd2+ 33.
Rf2 Qe1 34. Be4+ 1-0

[Event "Tradewise Gibraltar Masters 16th"]
[Site "Gibraltar"]
[Date "2018.01.27"]
[Round "5.76"]
[White "Paramzina, Anastasya"]
[Black "Docx, Stefan"]
[Result "1-0"]
[WhiteElo "2225"]
[BlackElo "2442"]
[PlyCount "45"]
[EventDate "2018.01.23"]
[EventType "swiss"]
[EventRounds "10"]
[EventCountry "GGB"]
[SourceTitle "BritBase"]
[Source "www.saund.co.uk"]
[SourceDate "2018.02.10"]
[SourceVersion "1"]
[SourceVersionDate "2018.02.10"]
[SourceQuality "1"]

1. e4 c5 2. Nf3 d6 3. d4 cxd4 4. Nxd4 Nf6 5. Nc3 a6 6. h4 Nc6 7. h5 h6 8. Be3
Ng4 9. Nxc6 bxc6 10. Bd2 e5 11. Bc4 d5 12. exd5 Bc5 13. Ne4 Bd4 14. c3 Ba7 15.
dxc6 f5 16. Qf3 Rf8 17. c7 Qxc7 18. Nd6+ Qxd6 19. Qxa8 Bxf2+ 20. Ke2 Ke7 21.
Qd5 Qb6 22. Rad1 Bb7 23. Bg5+ 1-0

[Event "Tradewise Gibraltar Masters 16th"]
[Site "Gibraltar"]
[Date "2018.01.27"]
[Round "5.77"]
[White "Zhukova, Natalia"]
[Black "Estrada Nieto, Julian"]
[Result "1-0"]
[WhiteElo "2438"]
[BlackElo "2222"]
[PlyCount "61"]
[EventDate "2018.01.23"]
[EventType "swiss"]
[EventRounds "10"]
[EventCountry "GGB"]
[SourceTitle "BritBase"]
[Source "www.saund.co.uk"]
[SourceDate "2018.02.10"]
[SourceVersion "1"]
[SourceVersionDate "2018.02.10"]
[SourceQuality "1"]

1. c4 e5 2. Nc3 Nf6 3. Nf3 Nc6 4. g3 d5 5. cxd5 Nxd5 6. Bg2 Nb6 7. O-O Be7 8.
a3 a5 9. d3 O-O 10. Be3 Re8 11. Rc1 Bf8 12. Ne4 Nd4 13. Nc5 a4 14. Bd2 Bxc5 15.
Rxc5 Bg4 16. Nxd4 exd4 17. Re1 c6 18. Ba5 Ra6 19. b4 axb3 20. Qxb3 Rxe2 21.
Rxe2 Bxe2 22. Re5 h6 23. h3 Rxa5 24. Rxa5 Nd5 25. Ra7 b5 26. Bxd5 cxd5 27. Qxb5
Bf3 28. Qd7 Qf6 29. Qe8+ Kh7 30. Rxf7 Qg6 31. Rf8 1-0

[Event "Tradewise Gibraltar Masters 16th"]
[Site "Gibraltar"]
[Date "2018.01.27"]
[Round "5.78"]
[White "Wemmers, Xander"]
[Black "Midonet, Matthieu"]
[Result "1-0"]
[WhiteElo "2430"]
[BlackElo "2213"]
[PlyCount "87"]
[EventDate "2018.01.23"]
[EventType "swiss"]
[EventRounds "10"]
[EventCountry "GGB"]
[SourceTitle "BritBase"]
[Source "www.saund.co.uk"]
[SourceDate "2018.02.10"]
[SourceVersion "1"]
[SourceVersionDate "2018.02.10"]
[SourceQuality "1"]

1. d4 d5 2. c4 c6 3. Nf3 Nf6 4. e3 Bf5 5. Nc3 e6 6. Nh4 Be4 7. f3 Bg6 8. Qb3
Qc7 9. Bd2 Be7 10. Rc1 Nbd7 11. g3 Nb6 12. cxd5 exd5 13. Be2 Qd7 14. Kf2 O-O
15. Nxg6 hxg6 16. h4 Rfe8 17. g4 Nc4 18. Bxc4 dxc4 19. Qxc4 b5 20. Qe2 c5 21.
Qxb5 Qxb5 22. Nxb5 Rab8 23. a4 cxd4 24. exd4 Nd5 25. Rc6 Rec8 26. Rxc8+ Rxc8
27. Rc1 Bxh4+ 28. Ke2 Rb8 29. Rc5 Nb6 30. b3 a6 31. Nc7 Nd7 32. Rc3 Rb6 33. a5
Rd6 34. Be3 f5 35. d5 fxg4 36. fxg4 Bd8 37. Bf4 Rf6 38. Bg5 Bxc7 39. Bxf6 Bxa5
40. Rc8+ Kh7 41. Bd4 Kh6 42. d6 Kg5 43. Rc7 Nf6 44. Rc5+ 1-0